000 00386 a2200169 4500
001 190861
020 _a978-85-356-2112-9
040 _cMagnum
100 _aNucci, Nely A. Guernelli
240 1 0 _aConfidências de um jacaré
_lpor
245 1 0 _aConfidências de um jacaré
300 _a19
362 0 _a2008
440 1 _aPaulinas
697 _aLITERATURA INFANTO
942 _cBK
999 _c190861
_d190861